Tecnología minera: formación profesional primer curso

Saved in:
Bibliografiske detaljer
Hovedforfatter: Enguita Parra, Vicente (Author)
Format: Bog
Sprog:spansk
Udgivet: Madrid Paraninfo 1975
Fag:
Tags: Tilføj Tag
Ingen Tags, Vær først til at tagge denne postø!

MARC

LEADER 00000nam a2200000 a 4500
001 UCV7029
003 CL-VaPUC
008 910513e19750000SP |||||||||||||||||spa|d
082 0 4 |a 621.9  |b ENG  |2 21 
100 0 |a Enguita Parra, Vicente  |e author  |9 301011 
245 1 0 |a Tecnología minera: formación profesional primer curso 
300 |a 147 p 
942 |c BK 
945 |d 19910513 00:00:00 
260 |a Madrid  |b Paraninfo  |c 1975 
650 7 |a TALLERES MECANICOS EQUIPOS Y ACCESORIOS  |2 CL-VaPUC  |9 263986 
650 7 |a HERRAMIENTAS  |2 CL-VaPUC  |9 263987 
583 |a last modification  |c 19910513 00:00:00  |k Rodrigo Vera 
999 |c 212781  |d 212779 
952 |0 0  |1 0  |4 0  |6 621_900000000000000_ENG_1975  |7 0  |8 A  |9 194390  |a BIBING  |b BIBING  |d 2019-11-14  |i 2625970  |o 621.9 ENG 1975  |p 2625970  |r 2025-01-20  |w 2019-11-14  |y BK  |k EIQ